000 00565nam a2200181Ia 4500
008 100917s9999 xx 000 0 und d
082 _b49734
100 _aमराठे प्र. द.
245 _aएक क्षणाचा पक्षी
260 _bभारतीय ग्रंथ भवन
_c1964
300 _a158
365 _b5
520 _aकादंबरी
630 _aएक क्षणाचा पक्षी
650 _aकादंबरी
730 _aएक क्षणाचा पक्षी
942 _cBOOK
999 _c655128
_d655125